La escuela rural unitaria /
Guardado en:
| Autor Principal: | |
|---|---|
| Formato: | Libro |
| Publicado: |
Argentina :
Ediciones Pedag¢gicas,
1959
|
| Edición: | 2 |
| Materias: | |
| Etiquetas: |
Agregar Etiqueta
Sin Etiquetas, Sea el primero en etiquetar este registro!
|
| LEADER | 00505nam a22001815a 4500 | ||
|---|---|---|---|
| 001 | CEM.cems003395 | ||
| 005 | 19000101000000.0 | ||
| 008 | 130507s1959##################000#0#####d | ||
| 003 | CEMS | ||
| 082 | 0 | 4 | |a 379.173 |
| 100 | 1 | |a Iglesias, Luis F. | |
| 245 | 1 | 0 | |a La escuela rural unitaria / |c Luis F. Iglesias |
| 250 | |a 2 | ||
| 260 | |a Argentina : |b Ediciones Pedag¢gicas, |c 1959 | ||
| 300 | |a 412 p. | ||
| 653 | |a Educacion | ||
| 653 | |a Escuela rural | ||
| 859 | |a CEMS |b BIB. CEMS - 11 de abril |h 379.173 |i Ig4a2 |p 7622.80 |t Ej.1 | ||
